000 00951nam a22003137a 4500
001 6489
003 FISKH
005 20250506113925.0
008 250506b cb ||||| |||| 00| 0 eng d
020 _a9780307265029
040 _aDLC
_cDLC
_dDLC
_beng
050 _aPZ7.C7856 A
082 _a 636.7
100 1 _aCooper, Ilene.
245 1 0 _aAbsolutely Lucy /
_cby Ilene Cooper ; illustrated by Amanda Harvey.
250 _aThis edition first published in 2000
260 _aNew York :
_bGolden Books,
_c2000.
300 _a76 pages
_billustrations ;
_c20 cm.
440 0 _aRoad to reading.
_nMile 5
505 _aL
520 _aBobby is a shy boy until he gets a beagle puppy named Lucy, who helps him to make new friends.
521 8 _a510
_bLexile
521 8 _aL
_bRaz-Plus
650 1 _aDogs
_vFiction.
650 1 _aAnimals
_vBashfulness
700 1 _aHarvey, Amanda,
_eillustrator
942 _2ddc
_cBK
_n0
999 _c6489
_d6489